| 000 -LEADER |
| fixed length control field |
00872nam a22002057a 4500 |
| 001 - CONTROL NUMBER |
| control field |
12517 |
| 003 - CONTROL NUMBER IDENTIFIER |
| control field |
BD-DhUAP |
| 005 - DATE AND TIME OF LATEST TRANSACTION |
| control field |
20201115122800.0 |
| 008 - FIXED-LENGTH DATA ELEMENTS--GENERAL INFORMATION |
| fixed length control field |
201115r20011994bg |||| |||| 000 0 ben d |
| 020 ## - INTERNATIONAL STANDARD BOOK NUMBER |
| International Standard Book Number |
9844650348 |
| 040 ## - CATALOGING SOURCE |
| Original cataloging agency |
BD-DhUAP |
| Language of cataloging |
Ben |
| Transcribing agency |
BD-DhUAP |
| Modifying agency |
BD-DhUAP |
| 082 ## - DEWEY DECIMAL CLASSIFICATION NUMBER |
| Edition number |
23 |
| Classification number |
915.4922 SEN |
| 100 ## - MAIN ENTRY--PERSONAL NAME |
| Personal name |
সেনগুপ্ত, কিরণশঙ্কর। |
| 245 ## - TITLE STATEMENT |
| Title |
চল্লিশের দশকের ঢাকা / |
| Statement of responsibility, etc. |
কিরণশঙ্কর সেনগুপ্ত ও সরদার ফজলুর করিম। |
| 260 ## - PUBLICATION, DISTRIBUTION, ETC. |
| Place of publication, distribution, etc. |
ঢাকা : |
| Name of publisher, distributor, etc. |
সাহিত্য প্রকাশ , |
| Date of publication, distribution, etc. |
c১৯৯৪ [মুদ্রণ ২০০১]। |
| 300 ## - PHYSICAL DESCRIPTION |
| Extent |
১৮৮ পৃষ্ঠা ; |
| Dimensions |
২২ সেমি.। |
| 651 ## - SUBJECT ADDED ENTRY--GEOGRAPHIC NAME |
| Geographic name |
Dhaka |
| General subdivision |
Travel and description. |
| 700 ## - ADDED ENTRY--PERSONAL NAME |
| Personal name |
করিম, সরদার ফজলুর। |
| 942 ## - ADDED ENTRY ELEMENTS (KOHA) |
| Source of classification or shelving scheme |
|
| Koha item type |
Book |